000 00711nam a2200217 a 4500
003 BD-JhCC
005 20240314142806.0
008 240314b 2023b |||| ||a| 000 0 ben d
020 _a9847015401136
035 _a(BD-JhCC)
040 _aBD-JhCC
_dBD-JhCC
041 _aben
082 _a891.443
100 _a চট্টোপাধ্যায়, বঙ্কিমচন্দ্র
245 _aআনন্দমঠ /
_bবঙ্কিমচন্দ্র চট্টোপাধ্যায়
260 _aঢাকা:
_bজয় প্রকাশন;
_c2023.
300 _a127 p. :
_c22 cm.
650 _aচিরায়ত উপন্যাস
942 _2ddc
_cBK
999 _c13704
_d13704